000 00407nam a22001697a 4500
005 20180312142932.0
008 160527b xxu||||| |||| 00| 0 eng d
020 _a0-07-048662-X
041 _aeng
082 _b5377
_a332.6
100 _aBodie, Kave, Marcus
_91334
245 _aInvestment
260 _aNew Delhi
_bAcademic Faundation
_c2002
300 _a975
650 _aManagement
_9241
942 _cBK
999 _c1911
_d1910